000 01082nam a2200313 a 4500
001 BRCA_7693
005 20190320205941.0
008 230813s1963----sp-ae#####---#000-0#eng-#
041 _aeng
044 _asp
050 4 _aDP355
_b.M33 1963
100 1 _aGonzález Ruano, César
_919008
245 1 0 _aMadrid
_cCésar González Ruano ; with a chapter on the Prado Museum by Enrique Lafuente Ferrari ; english translation by John Forrester.
250 _a6
260 _aBarcelona
_bNoguer
_c1963
300 _a52 p.
_bil., mapas, planos
_c19 cm.
440 0 _aAndar y Ver, Guides to Spain
_919009
500 _aDos ejemplares iguales con el mismo número de inventario
500 _aU30
520 3 _aPractical information supplement to the guide to Madrid
610 2 4 _aMuseo del Prado (Madrid)
_911074
650 1 4 _aGalerías y museos
_zEspaña
_97331
651 4 _aMadrid
_xDescripción
_911286
651 4 _aMadrid
_xGalerías y museos
_914006
700 1 _aLafuente Ferrari, Enrique
_92561
700 1 _aForrester, John
_etr.
_919010
902 _aGFM
942 _2lcc
_cB
999 _c7367
_d7367